Jornadas.cie 9º Ano (Record no. 62828)

MARC details
000 -LÍDER
campo de controle de tamanho fixo 00341 a2200145 4500
001 - NÚMERO DE CONTROLE
campo de controle 62828
020 ## - ISBN - INTERNATIONAL STANDARD BOOK NUMBER
ISBN - International Standard Book Number 9788547200909
040 ## - FONTE DA CATALOGAÇÃO
Instituição que transcreveu o registro Anchieta - Pituba
240 10 - TÍTULO UNIFORME
Título uniforme Jornadas.cie 9º Ano
Idioma da obra por
245 10 - TÍTULO
Título Jornadas.cie 9º Ano
300 ## - DESCRIÇÃO FÍSICA
Extensão 414
362 0# - DATAS DE PUBLICAÇÃO E/OU DESIGNAÇÃO SEQUENCIAL
Datas de publicação e/ou designação sequencial 2016
650 #4 - ASSUNTO--TERMO TÓPICO
Cabeçalho tópico ou nome geográfico BIOLOGIA, CIÊNICAS DA VIDA (CIÊNCIAS NATURAIS)
942 ## - ELEMENTOS DE ENTRADA ADICIONADOS (KOHA)
Tipo de material Koha Livros
Holdings
Situação do descarte Situação das perdas Situação física Não pode ser emprestado Biblioteca de origem Biblioteca atual Data de aquisição Total de empréstimos Código de barras Data de último acesso Data do preço efetivo Tipo de material Koha Número de chamada completo
        Canadian School of Niterói - Piratininga Canadian School of Niterói - Piratininga 09/02/2024   A15388 09/02/2024 09/02/2024 Livros  
        Colégio Anchieta - Pituba Colégio Anchieta - Pituba 21/11/2023   16065/PIT 21/11/2023 21/11/2023 Livros  
        Colégio Anchieta - Pituba Colégio Anchieta - Pituba 21/11/2023   18581/PIT 21/11/2023 21/11/2023 Livros 500 J82j JOR